000 00818cam a22002775a 4500
001 16095589
005 20170105102917.0
008 100218s2010 pk b 001 0 eng
010 _a 2010341195
020 _a9780195479126
025 _aP-E-2010341195; 28
040 _aDLC
_cDLC
042 _alcode
043 _aa-pk---
100 1 _aAmin, Shahid M.
245 1 0 _aPakistan's foreign policy :
_ba reappraisal /
_cShahid M. Amin.
250 _a2nd ed.
260 _aKarachi :
_bOxford University Press,
_c2010.
300 _a356 p. ;
_c21 cm.
490 0 _aOxford Pakistan paperbacks
500 _aPreviously published: 2000.
504 _aIncludes bibliographical references and index.
906 _a7
_bibc
_corigode
_d3
_encip
_f20
_gy-gencatlg
942 _2ddc
_cBK
999 _c15392
_d15392